Score 0/18 Timer 04:00
2 Plays Today
Scrambled Word Answer % Correct
HTE MRFITHE FIRM
98.3%
A MITE OT LILKA TIME TO KILL
94.9%
HTE CELINTTHE CLIENT
90.9%
NLAYPIG RFO ZAPZIPLAYING FOR PIZZA
81.4%
HTE KREBORTHE BROKER
79.2%
DROF NOCUTYFORD COUNTY
77.3%
HTE BREMHACTHE CHAMBER
74.5%
HTE WARNYUA RJYUTHE RUNAWAY JURY
59.7%
HTE CLEAPIN FIBRETHE PELICAN BRIEF
54.4%
Scrambled Word Answer % Correct
A DATENIP SOUEHA PAINTED HOUSE
52.5%
Common Bond:John Grisham Novels
45%
HTE RETEST WAYLERTHE STREET LAWYER
40.1%
GIPPINKS STRICHAMSSKIPPING CHRISTMAS
32%
HTE TESIACOSATHE ASSOCIATE
29.9%
HTE PALEPATHE APPEAL
28.9%
HTE MATSETNETTHE TESTAMENT
28.4%
RECHABLESBLEACHERS
23.7%
HTE OSTILTARIGTHE LITIGATORS
5.9%
Remove Ads.
Support Sporcle.
Get the best of Sporcle when you Go Orange. This ad-free experience offers more features, more stats, and more fun while also helping to support Sporcle. Thank you for becoming a member.

You're not logged in!

Compare scores with friends on all Sporcle quizzes.
OR
Log In

Show Comments

Extras

Top Quizzes Today


Score Distribution

Your Account Isn't Verified!

In order to create a playlist on Sporcle, you need to verify the email address you used during registration. Go to your Sporcle Settings to finish the process.

Report this User

Report this user for behavior that violates our Community Guidelines.

Details: